Intrusion prevention fundamentals (Record no. 6702)
[ view plain ]
| 000 -LEADER | |
|---|---|
| fixed length control field | 00659 a2200205 4500 |
| 020 ## - INTERNATIONAL STANDARD BOOK NUMBER | |
| International Standard Book Number | 1-58705-239-3 (pbk.) |
| 035 ## - SYSTEM CONTROL NUMBER | |
| System control number | 13873984 |
| 040 ## - CATALOGING SOURCE | |
| Original cataloging agency | DLC |
| Language of cataloging | DLC |
| 100 1# - MAIN ENTRY--PERSONAL NAME | |
| Personal name | Carter, Earl. |
| 245 10 - TITLE STATEMENT | |
| Title | Intrusion prevention fundamentals |
| Statement of responsibility, etc. | Earl Carter, Jonathan Hogue |
| 246 1# - VARYING FORM OF TITLE | |
| Title proper/short title | Introduction to network attack mitigation with IPS |
| 260 ## - PUBLICATION, DISTRIBUTION, ETC. | |
| Place of publication, distribution, etc. | Indianapolis, IN : |
| Name of publisher, distributor, etc. | Cisco Press, |
| Date of publication, distribution, etc. | c2006. |
| 300 ## - PHYSICAL DESCRIPTION | |
| Extent | xxiii, 287 p. : |
| Other physical details | ill. ; |
| Dimensions | 24 cm. |
| 440 #0 - SERIES STATEMENT/ADDED ENTRY--TITLE | |
| Title | Cisco Press fundamentals series |
| 500 ## - GENERAL NOTE | |
| General note | Includes index. |
| 650 #0 - SUBJECT ADDED ENTRY--TOPICAL TERM | |
| Topical term or geographic name entry element | Computer networks |
| General subdivision | Security measures. |
| 650 #0 - SUBJECT ADDED ENTRY--TOPICAL TERM | |
| Topical term or geographic name entry element | Computer security. |
| 700 1# - ADDED ENTRY--PERSONAL NAME | |
| Personal name | Hogue, Jonathan. |
| 942 ## - ADDED ENTRY ELEMENTS (KOHA) | |
| Koha item type | Book |
| Call number prefix | 005.8 CAR |
| Source of classification or shelving scheme | |
| Withdrawn status | Lost status | Damaged status | Not for loan | Collection code | Permanent Location | Current Location | Shelving location | Date acquired | Source of acquisition | Cost, normal purchase price | Total Checkouts | Full call number | Barcode | Date last seen | Price effective from | Koha item type |
|---|---|---|---|---|---|---|---|---|---|---|---|---|---|---|---|---|
| Central Library (CL) | Central Library (CL) | First Floor - Artificial Intelligence/Data Mining | 02/14/2007 | Progressive International Agencies | 3242.70 | 005.8 CAR | SEECS008132 | 11/14/2012 | 01/05/2017 | Book |
